| 000 | 01086nab a2200217 i 4500 | ||
|---|---|---|---|
| 001 | 768714001 | ||
| 003 | CO-MdFUSB | ||
| 005 | 20240514103633.0 | ||
| 008 | 240511t1970 sp ||||| |||| 00| 0 spa d | ||
| 040 |
_bspa _cCO-MdFUSB _dCO-MdFUSB |
||
| 041 | _aspa | ||
| 100 | _eautor | ||
| 245 | 3 |
_aLa desesperación como síntoma de angustia _c/ El Secretariado General |
|
| 520 | _aEl propósito de esta publicación es colocar algunos de estos hechos y conceptos en una perspectiva sinóptica y pastoral tal como resuenan en las publicaciones teológicas contemporáneas. Así, por un lado, se relativiza la necesaria unilateralidad del tema "esperanza", creando oportunidades para una animada dialéctica entre esperanza y desesperación. | ||
| 650 | 0 |
_aVida espiritual _951 |
|
| 650 | 0 |
_aSociología de la cultura _95 |
|
| 653 | _aEsperanza | ||
| 773 | 0 |
_049450 _982621 _oR2548 _tRevista internacional de teología Concilium _w(CO-MdFUSB)8 _x0210-1041 _gNúmero 59, (noviembre, 1970), páginas: 419 - 430 _qpágina: 419 |
|
| 942 | _cANA | ||
| 945 | _aCatherine Arias Alvarez - Practicante SENA | ||
| 999 |
_c69693 _d69693 |
||